01119nam a22002537a 450000100060000000300080000600500170001400800410003103500190007204000350009104100080012608200320013410000260016624501450019226000790033730000390041650200850045550400360054065000640057670000410064094200130068199900170069495201540071183043BD-RjUL20240211162426.0240211s2022 bg a|||| m||| 00| 0 eng d a(BD-RjUL)83043 aBD-RjULbengcBD-RjULdBD-RjUL aeng 223a338.927095492bMOR 2022 aMobarek, Salma91163910aResource mobilization for sustainable development union parishads in Bangladesh /cResearcher Salma, Mobarek ;6Supervisor : Md. nurul Momen aRajshahi :bInstitute of Bangladesh Studies, University of Rajshahi,c2022 axxii, 275 leaves :bill, ;c29.cm. aThesis (Ph. D.) -- Institute of Bangladesh Studies, University of Rajshahi, 2022 aBibliography : Leaves 232 - 250 aUstainable development vUnion parishadszBangladesh911640 aMomen, Md. nurul, Supervisor 911509 2ddccTHE c83043d83043 102ddc40718THESESaRUCLbRUCLcDoc/Thed2023-11-26eController of Exam. R. U.l0oTHE 338.927095492 MOR 2022pD4923r2024-02-11 00:00:00tC-1yTHE